Villanos más famosos del cine #1 - Estadísticas

Estadísticas generales
  • Esta prueba ha sido intentada 47 veces
  • La puntuación promedio es 8 de 12
Estadísticas de respuestas
Imagen Respuesta % Correcto
Joker
100%
Voldemort
96%
Thanos
87%
Scar
85%
Darth Vader
83%
Hannibal Lecter
70%
Duende Verde
62%
Jason Voorees
62%
Ultron
51%
Hans Landa
45%
Cómodo
40%
Tai Lung
34%
No se encontraron pruebas coincidentes
Distribución de puntuación
Porcentaje de gente con cada puntuación
Porcentaje por número respondido
Historial de tus puntuaciones
No has intentado esta prueba.